| 000 | 01269nam a2200337 i 4500 | ||
|---|---|---|---|
| 001 | 140718 | ||
| 003 | ES-MaACL | ||
| 005 | 20251017115916.0 | ||
| 007 | t| | ||
| 008 | 070914s1983 sp |||| | spa d | ||
| 020 | _a84-276-0630-3 | ||
| 080 | _a820(415)-22"18" | ||
| 080 | _a820(415)-21"18" | ||
| 245 | 0 | 0 |
_aTeatro irlandés / _cW.B. Yeats, J.M. Synge y Sean O' Casey ; edición preparada por Corina J. Reynolds ; [traducción, Aurelio Sahagún y Jesús Fomperosa]. |
| 260 |
_aMadrid : _bEditora Nacional, _c[1983] |
||
| 300 |
_a398 p. ; _c18 cm. |
||
| 490 | 1 |
_aBiblioteca de la literatura y el pensamiento universales ; _v53 |
|
| 505 | 8 | _aContiene: La condesa Catalina. El galán de Occidente. El arado y las estrellas | |
| 700 | 1 |
_aYeats, W. B., _d1865-1939 _9242374 |
|
| 700 | 1 |
_aSynge, John Millington. _9108975 |
|
| 700 | 1 |
_aO'Casey, Sean. _986297 |
|
| 700 | 1 |
_aReynolds, Corina J. _996627 |
|
| 700 | 1 |
_aFomperosa, Jesús. _951487 |
|
| 700 | 1 |
_aSahagún, Aurelio. _9101470 |
|
| 740 | 3 | 2 | _aLa condesa Catalina. |
| 740 | 3 | 2 | _aEl galán de Occidente. |
| 740 | 3 | 2 | _aEl arado y las estrellas. |
| 830 | 0 |
_aBiblioteca de la literatura y el pensamiento universales ; _v53 _9182217 |
|
| 852 |
_aES-MaACL _jL-5742 |
||
| 999 |
_c140718 _d140718 |
||